Statistics for National Parks of Poland

Click here to take the quiz!

General Stats

  • This quiz has been taken 4 times
  • The average score is 15 of 23

Answer Stats

National Park% Correct
Bory Tucholskie
100%
Ojcow
100%
Slowinski
100%
Wolin
100%
Bialowieza
75%
Bieszczady
75%
Kampinos
75%
Swietokrzyski
75%
Tatra
75%
Babia Gora
50%
Biebrza
50%
Drawa
50%
Gorce
50%
Karkonosze
50%
Magura
50%
Narew
50%
Pieniny
50%
Polesie
50%
Roztocze
50%
Stolowe Mountains
50%
Warta Mouth\
50%
Wielkopolski
50%
Wigry
50%

Score Distribution

Percentile by Number Answered

Percent of People with Each Score

Your Score History

You have not taken this quiz